Top Gear Specials - Statistics

General Stats
  • This quiz has been taken 159 times
  • The average score is 7 of 9
Answer Stats
Vehicles Year Location % Correct
Chevrolet Camaro, Dodge Ram, Cadillac Brougham 2007 USA
95%
BMW 528i Touring, Subaru Impreza WRX STi, Volvo 850R 2013 Africa/Nile
88%
Porsche 928, Ford Mustand Mach 1, Lotus Esprit V8 2015 Patagonia
87%
Mazda MX-5, Fiat Barchetta, BMW Z3 2010 Middle East
82%
Piaggio Vespa, Minsk, Honda Super Cub 2008 Vietnam
82%
Lancia Beta Coupe, Opel Kadett, Mercedes-Benz W123 2007 Botswana
81%
Jaguar XJS, Mini Cooper, Rolls-Royce Silver Shadow 2011 India
81%
Land Rover Range Rover, Toyota Land Cruiser, Suzuki SJ413 2009 Bolivia
74%
Isuzu TX, Isuzu TX, Hino FB110 2014 Myanmar (Burma)
68%
No matching quizzes found
Score Distribution
Percent of People with Each Score
Percentile by Number Answered
Your Score History
You have not taken this quiz